000 00897nam a2200229 a 4500
001 12873
003 BD-JhCC
005 20230521200430.0
008 230521s2020 b a|||| |||| 000 0 be d
020 _a9789849434689
035 _a(BD-JhCC)12873
040 _aBD-JhCC
_dBD-JhCC
041 _aben
082 _a910.4
_bBAS 2020
100 _aবাশার, আবুল হাসান মুহম্মদ
245 _aবেশি দূরে নয় :
_bভারত, চীন, সিঙ্গাপুর, মালয়েশিয়া /
_cআবুল হাসান মুহম্মদ বাশার
260 _aঢাকা :
_bপ্রান্ত প্রকাশন,
_c২০২০
300 _a২৪০ পৃ. :
_c২০ সেমি.
_bচিত্রাবলী সংযোজিত।
650 _aTravelogue
650 _aSports.
942 _2ddc
_cBK
999 _c12873
_d12873